| 000 | 01378nam a2200253 a 4500 | ||
|---|---|---|---|
| 001 | 85823 | ||
| 003 | BD-RjUL | ||
| 005 | 20251009120057.0 | ||
| 008 | 251009s1968 ii ||||| |||| 00| 0 eng d | ||
| 035 | _a(BD-RjUL)85823 | ||
| 040 |
_aBD-RjUL _beng _cBD-RjUL |
||
| 041 | _aeng | ||
| 082 |
_223 _a294.5921 _bSRB 1968 |
||
| 100 |
_aশ্রীশ্রীমদ্বলদেববিদ্যাভূষণ _917122 |
||
| 245 |
_aবেদান্তসূত্রম শ্রীশ্রীমদ্ভগবদবতার-মহর্ষি-শ্রীকৃষ্ণদ্বৈপায়ন-শ্রবিাসদেবেন বিরচিতম গৌড়ীয়-বদান্তাচার্য্য / _cশ্রীশ্রীমদ্বলদেববিদ্যাভূষণ-কৃত ; শ্রীগোবিন্দভাষ্যেণ সূক্ষ্মা টীকয়া চ সমেতম |
||
| 260 |
_aকলিকাতা : _bশ্রীসারস্বতগৌড়ীয়াসন মিশন, _c১৯৬৮ |
||
| 300 |
_a৬৩০ পৃ.; _c২২ সেমি. |
||
| 650 |
_aবেদ _917123 |
||
| 650 |
_aVedas _917124 |
||
| 650 |
_aবৈদিক সাহিত্য _914356 |
||
| 650 | _aVedic literature | ||
| 700 |
_aশ্রীগোবিন্দভাষ্যেণ _917125 |
||
| 942 |
_2ddc _cBK |
||
| 999 |
_c85823 _d85823 |
||